[Event "4NCL/Div2/WES1 vs. CAMB1"]
[Site "Birmingham ENG"]
[Date "2006.01.15"]
[Round "6.4"]
[White "Garner, David"]
[Black "Simons, Martin J"]
[Result "1-0"]
[WhiteElo "2191"]
[BlackElo "2293"]
[PlyCount "103"]
[EventDate "2006.01.15"]
[SourceDate "2005.10.25"]

1. e4 Nc6 2. Nf3 d5 3. exd5 Qxd5 4. Nc3 Qa5 5. Bc4 Nf6 6. d3 Bg4 7. Bb5 e6 8.
Bd2 Bb4 9. Qe2 O-O 10. Bxc6 bxc6 11. Ne4 Bxf3 12. Nxf6+ gxf6 13. gxf3 Bxd2+ 14.
Qxd2 Qe5+ 15. Qe3 Qxb2 16. Kd2 Qe5 17. Rhg1+ Kh8 18. Qxe5 fxe5 19. Rab1 Rab8
20. Kc3 Rb6 21. Rb3 Rg8 22. Rg3 Rxg3 23. fxg3 Kg7 24. Kc4 Kf6 25. a4 Ke7 26.
Kc5 Kd7 27. a5 Ra6 28. Ra3 Ke7 29. Ra4 Kd7 30. c3 h6 31. Ra2 Ke7 32. h4 Kd7 33.
g4 f6 34. d4 exd4 35. cxd4 Ke7 36. f4 Kf7 37. Ra1 Ke7 38. Ra3 Kf7 39. f5 exf5
40. gxf5 Ke7 41. h5 Kd7 42. Ra2 Ke7 43. Re2+ Kd7 44. Kb4 Kd6 45. Re6+ Kd5 46.
Ka4 Kxd4 47. Rxf6 Ke5 48. Rxh6 Kf4 49. f6 c5 50. f7 Rxh6 51. f8=Q+ Kg5 52.
Qxc5+ 1-0

[Event "4NCL/Div2/WES1 vs. CAMB1"]
[Site "Birmingham ENG"]
[Date "2006.01.15"]
[Round "6.5"]
[White "Yeo, Michael J"]
[Black "Valden, Petros"]
[Result "0-1"]
[WhiteElo "2217"]
[BlackElo "2146"]
[PlyCount "88"]
[EventDate "2006.01.15"]
[SourceDate "2005.10.25"]

1. e4 c5 2. Nf3 Nc6 3. d4 cxd4 4. Nxd4 Qc7 5. Nc3 e6 6. Ndb5 Qb8 7. Be3 a6 8.
Bb6 axb5 9. Nxb5 Bb4+ 10. c3 Ba5 11. Nc7+ Kf8 12. Bc5+ Nge7 13. Nxa8 Qxa8 14.
Bb5 Bc7 15. O-O Qb8 16. h3 f6 17. Qd2 Kf7 18. Rad1 Rd8 19. Bd6 Ng6 20. Kh1 Bxd6
21. Qxd6 Qxd6 22. Rxd6 Ke7 23. Rfd1 e5 24. Ba4 Nf4 25. b4 Ne6 26. R1d2 Nf4 27.
Kh2 Nd4 28. Rb6 Nc6 29. Bb3 d6 30. g3 Nxh3 31. Bd5 Ng5 32. Rd3 Kd7 33. Bxc6+
bxc6 34. b5 Nxe4 35. Rxc6 Bb7 36. Rc4 Nxf2 37. Rd2 Ne4 38. Rb2 Rc8 39. Rxc8
Kxc8 40. c4 Nc5 41. Kg1 Kc7 42. Kf1 f5 43. Rh2 h6 44. Ke2 Ne4 0-1

[Event "4NCL/Div2/WES1 vs. CAMB1"]
[Site "Birmingham ENG"]
[Date "2006.01.15"]
[Round "6.6"]
[White "Regan, Natasha"]
[Black "Tunks, Dominic"]
[Result "1/2-1/2"]
[WhiteElo "2208"]
[BlackElo "2155"]
[PlyCount "79"]
[EventDate "2006.01.15"]
[SourceDate "2005.10.25"]

1. e4 c5 2. d4 cxd4 3. c3 g6 4. cxd4 d5 5. e5 Nc6 6. Nc3 f6 7. f4 Bg7 8. Bb5
Nh6 9. Nf3 O-O 10. O-O Bg4 11. Qd3 Bxf3 12. Rxf3 fxe5 13. dxe5 e6 14. Kh1 Qh4
15. Rh3 Qe1+ 16. Qf1 Qxf1+ 17. Bxf1 Nxe5 18. Bd2 Neg4 19. Rf3 Nf5 20. h3 Nf6
21. Nb5 Ne4 22. Be1 Rfc8 23. Rb1 Rc2 24. g4 Nd4 25. Nxd4 Bxd4 26. Bd3 Rxb2 27.
Rxb2 Bxb2 28. Bxe4 dxe4 29. Re3 Rc8 30. Rxe4 Bc3 31. Bf2 Kf7 32. Bxa7 b5 33.
Re2 Rc4 34. Bb8 h5 35. gxh5 gxh5 36. Kg2 Kf6 37. Kg3 Kf5 38. Be5 b4 39. Kf3 Rc5
40. Bd6 1/2-1/2

[Event "4NCL/Div2/WES1 vs. CAMB1"]
[Site "Birmingham ENG"]
[Date "2006.01.15"]
[Round "6.7"]
[White "Jenks, Bruce"]
[Black "Low, Ying Min"]
[Result "1/2-1/2"]
[WhiteElo "2120"]
[BlackElo "2010"]
[PlyCount "113"]
[EventDate "2006.01.15"]
[SourceDate "2005.10.25"]

1. d4 Nf6 2. Bf4 d5 3. e3 c5 4. c3 cxd4 5. exd4 Nc6 6. Bd3 Bg4 7. Qb3 Qd7 8.
Nd2 e6 9. Ngf3 Bxf3 10. Nxf3 a6 11. O-O Be7 12. Ne5 Nxe5 13. dxe5 Nh5 14. Be3
g6 15. f4 Ng7 16. Kh1 Rc8 17. Qc2 Bc5 18. Bxc5 Rxc5 19. Qf2 Rc7 20. Rae1 Qe7
21. g4 h5 22. f5 gxf5 23. gxf5 Nxf5 24. Bxf5 exf5 25. Qxf5 Qe6 26. Qxe6+ fxe6
27. Rf6 Re7 28. Kg2 Kd7 29. Kh3 Rg7 30. c4 dxc4 31. Rd1+ Kc7 32. Rxe6 Rd8 33.
Rxd8 Kxd8 34. Rd6+ Kc7 35. a4 Re7 36. Rd4 b5 37. axb5 axb5 38. Re4 Kc6 39. Kg3
Kd5 40. Kf4 Rf7+ 41. Ke3 Re7 42. Kf4 b4 43. Re2 c3 44. bxc3 bxc3 45. Kf5 Rf7+
46. Kg6 Ke6 47. Kxh5 Rc7 48. Rc2 Kf5 49. Kh6 Rc6+ 50. Kg7 Kxe5 51. h4 Kf5 52.
h5 Kg5 53. Kf7 Kxh5 54. Ke7 Kg4 55. Kd7 Rc4 56. Kd6 Kf3 57. Kd5 1/2-1/2

[Event "4NCL/Div2/WES1 vs. CAMB1"]
[Site "Birmingham ENG"]
[Date "2006.01.15"]
[Round "6.8"]
[White "Campbell, Mark"]
[Black "Khoo, Selina"]
[Result "1/2-1/2"]
[WhiteElo "2005"]
[BlackElo "1997"]
[PlyCount "115"]
[EventDate "2006.01.15"]
[SourceDate "2005.10.25"]

1. e4 c6 2. d4 d5 3. e5 c5 4. c3 Nc6 5. Nf3 cxd4 6. cxd4 Bg4 7. Bb5 e6 8. Bxc6+
bxc6 9. Qa4 Qd7 10. b4 Ne7 11. Nbd2 Nc8 12. O-O Be7 13. Bb2 Nb6 14. Qb3 O-O 15.
Rfc1 Rfb8 16. Bc3 Nc8 17. a3 Rb6 18. Qa4 Bf5 19. Ne1 f6 20. f4 g5 21. fxg5 fxe5
22. Ndf3 e4 23. Ne5 Qb7 24. Bd2 Ra6 25. Qd1 Nd6 26. Qh5 Bf8 27. g4 Bg6 28. Nxg6
hxg6 29. Qxg6+ Qg7 30. Qxe6+ Kh8 31. Rc3 Qxd4+ 32. Kh1 Re8 33. Rh3+ Kg7 34.
Qd7+ Re7 35. Qxe7+ Bxe7 36. Bc3 Qxc3 37. Rxc3 Bxg5 38. Rc2 Nc4 39. Ng2 Bf6 40.
Raa2 Bd4 41. Nf4 Be3 42. Ne6+ Kf6 43. Nc5 Bxc5 44. bxc5 Kg5 45. h3 Ra5 46. Rf2
Rxc5 47. Rf5+ Kg6 48. Raf2 Ne3 49. Rf6+ Kg5 50. Kh2 Rc3 51. Rf8 a5 52. Rg8+ Kh6
53. h4 Kh7 54. Rg5 d4 55. h5 d3 56. Rf7+ Kh8 57. Rf8+ Kh7 58. Rf7+ 1/2-1/2

[Event "4NCL/Div2/WWKS1 vs. WGR3"]
[Site "Birmingham ENG"]
[Date "2006.01.15"]
[Round "6.1"]
[White "Wu, Li"]
[Black "Sowray, Peter J"]
[Result "1/2-1/2"]
[WhiteElo "2287"]
[BlackElo "2357"]
[PlyCount "38"]
[EventDate "2006.01.15"]
[SourceDate "2005.10.25"]

1. d4 Nf6 2. Bg5 d5 3. Bxf6 exf6 4. e3 c6 5. Nd2 Be6 6. Bd3 Nd7 7. Qf3 Bd6 8.
Ne2 Nf8 9. Nf4 Qd7 10. h3 Ng6 11. g3 O-O-O 12. O-O-O Kb8 13. Kb1 Rhe8 14. Qh5
Nxf4 15. gxf4 g6 16. Qf3 Bf5 17. Bxf5 Qxf5 18. Qg4 Qe6 19. Rdg1 Rg8 1/2-1/2

[Event "4NCL/Div2/WWKS1 vs. WGR3"]
[Site "Birmingham ENG"]
[Date "2006.01.15"]
[Round "6.2"]
[White "McDonald, Neil"]
[Black "Mason, Don"]
[Result "1/2-1/2"]
[WhiteElo "2374"]
[BlackElo "2277"]
[PlyCount "44"]
[EventDate "2006.01.15"]
[SourceDate "2005.10.25"]

1. e4 e6 2. d4 d5 3. Nd2 Nf6 4. e5 Nfd7 5. c3 c5 6. Ngf3 Nc6 7. Bd3 Be7 8. O-O
g5 9. dxc5 Ndxe5 10. Nxe5 Nxe5 11. Nb3 Nxd3 12. Qxd3 e5 13. Re1 f6 14. h4 g4
15. Bh6 Kf7 16. Rad1 a5 17. c4 d4 18. f4 gxf3 19. Qxf3 Rg8 20. Rxe5 Bg4 21. Qe4
fxe5 22. Qxh7+ Ke6 1/2-1/2

[Event "4NCL/Div2/WWKS1 vs. WGR3"]
[Site "Birmingham ENG"]
[Date "2006.01.15"]
[Round "6.4"]
[White "Grant, Jonathan"]
[Black "James, Russell A"]
[Result "1/2-1/2"]
[WhiteElo "2254"]
[BlackElo "2230"]
[PlyCount "138"]
[EventDate "2006.01.15"]
[SourceDate "2005.10.25"]

1. c4 e6 2. Nf3 d5 3. d4 Nf6 4. Nc3 Bb4 5. Bg5 h6 6. Bh4 g5 7. Bg3 Ne4 8. Rc1
h5 9. cxd5 exd5 10. Qa4+ Nc6 11. Ne5 Bd7 12. Nxd7 Qxd7 13. f3 Nxg3 14. hxg3 Bd6
15. Kf2 h4 16. gxh4 gxh4 17. e3 Bg3+ 18. Ke2 O-O 19. Kd2 Rfe8 20. Ne2 Bf2 21.
Rc3 Qe6 22. Qa3 Qf5 23. Kc1 Be1 24. e4 dxe4 25. Rc5 Qf6 26. Kd1 Bf2 27. f4 Ne7
28. Rg5+ Ng6 29. Qc3 Rad8 30. d5 Qxc3 31. Nxc3 Kf8 32. f5 Re5 33. Rh5 Nf4 34.
Rh8+ Ke7 35. f6+ Kd7 36. Bb5+ c6 37. dxc6+ bxc6 38. Bxc6+ Kc7+ 39. Rxd8 Kxd8
40. Nxe4 Kc7 41. Nxf2 Kxc6 42. Rxh4 Nxg2 43. Rc4+ Kb5 44. Re4 Rf5 45. Ng4 Rf4
46. Rxf4 Nxf4 47. Kd2 Kc5 48. Ke3 Nh5 49. Ke4 Kd6 50. Kf5 Ng3+ 51. Kf4 Nh5+ 52.
Kg5 Ng3 53. Nf2 Ke6 54. Kg4 Nf5 55. Ne4 Ne3+ 56. Kg5 Nd5 57. Nc5+ Kd6 58. Nb7+
Kc7 59. Na5 Kd6 60. Kf5 Ne3+ 61. Kg5 Nd5 62. a3 Nc7 63. Kf5 Ne6 64. Nc4+ Kd5
65. Ne3+ Kd4 66. Ng4 Kd5 67. Ne3+ Kd6 68. Ke4 Nc5+ 69. Kd4 Nd7 1/2-1/2

[Event "4NCL/Div2/WWKS1 vs. WGR3"]
[Site "Birmingham ENG"]
[Date "2006.01.15"]
[Round "6.5"]
[White "Hynes, Anthony"]
[Black "Gilbert, Jessie"]
[Result "1/2-1/2"]
[WhiteElo "2283"]
[BlackElo "2098"]
[PlyCount "24"]
[EventDate "2006.01.15"]
[SourceDate "2005.10.25"]

1. e4 c6 2. d4 d5 3. e5 c5 4. dxc5 e6 5. Be3 Qc7 6. Nc3 Nd7 7. f4 a6 8. Nf3
Bxc5 9. Nd4 Bb4 10. Bd2 Bc5 11. Be3 Bb4 12. Bd2 Bc5 1/2-1/2

[Event "4NCL/Div2/WWKS1 vs. WGR3"]
[Site "Birmingham ENG"]
[Date "2006.01.15"]
[Round "6.6"]
[White "Maduekwe, Chiedu"]
[Black "Pitcher, John"]
[Result "1/2-1/2"]
[WhiteElo "2142"]
[BlackElo "2183"]
[PlyCount "92"]
[EventDate "2006.01.15"]
[SourceDate "2005.10.25"]

1. d4 d5 2. c4 c6 3. Nf3 Nf6 4. Nc3 a6 5. b3 Bf5 6. e3 e6 7. Be2 Bb4 8. Bd2 h6
9. O-O Bd6 10. Ne5 c5 11. cxd5 exd5 12. Bf3 Bc7 13. Bc1 O-O 14. Ba3 cxd4 15.
exd4 Re8 16. Re1 Nc6 17. Nxc6 bxc6 18. Rc1 Bf4 19. Ra1 Qa5 20. Na4 Ne4 21. g3
Ng5 22. Bg2 Bd2 23. Re2 Rxe2 24. Qxe2 Ne6 25. Rd1 Bg5 26. Bb2 Qb4 27. Bc3 Qb5
28. Bf1 Qb7 29. h4 Bf6 30. Qd2 Rd8 31. Rc1 Be4 32. Bb2 g5 33. Nc5 Nxc5 34. Rxc5
Be7 35. hxg5 hxg5 36. Rc1 Rd6 37. Bg2 Bxg2 38. Kxg2 Rh6 39. f3 Qd7 40. g4 Qd6
41. Rh1 Rxh1 42. Kxh1 Qg3 43. Qe3 Qh4+ 44. Kg2 Bd6 45. Bc1 Kf8 46. Qxg5 Qg3+
1/2-1/2

[Event "4NCL/Div2/WWKS1 vs. WGR3"]
[Site "Birmingham ENG"]
[Date "2006.01.15"]
[Round "6.7"]
[White "Baruch, Andrew J D"]
[Black "Cutmore, David A"]
[Result "1-0"]
[WhiteElo "2056"]
[BlackElo "2093"]
[PlyCount "71"]
[EventDate "2006.01.15"]
[SourceDate "2005.10.25"]

1. e4 Nf6 2. e5 Nd5 3. d4 d6 4. c4 Nb6 5. exd6 cxd6 6. Nc3 g6 7. Be3 Bg7 8. Rc1
O-O 9. b3 N6d7 10. Nf3 e5 11. Qd2 Nc6 12. Be2 Ne7 13. Bh6 Bxh6 14. Qxh6 Nf5 15.
Qd2 Re8 16. dxe5 dxe5 17. Ne4 Qb6 18. c5 Qc6 19. Nd6 Nxd6 20. cxd6 Qb6 21. O-O
Nf8 22. Bc4 Be6 23. Nxe5 Rad8 24. Rfd1 Nd7 25. Nf3 Nc5 26. Qd4 Qa5 27. h4 Bxc4
28. Rxc4 Ne4 29. d7 Re6 30. Rdc1 Nf6 31. Rc8 Kg7 32. b4 Qa3 33. R1c3 Qb2 34.
Rxd8 Qa1+ 35. Kh2 Re4 36. Rg8+ 1-0

[Event "4NCL/Div2/WWKS1 vs. WGR3"]
[Site "Birmingham ENG"]
[Date "2006.01.15"]
[Round "6.8"]
[White "Cutmore, Martin J"]
[Black "Chevannes, Sabrina"]
[Result "0-1"]
[WhiteElo "2026"]
[BlackElo "2100"]
[PlyCount "82"]
[EventDate "2006.01.15"]
[SourceDate "2005.10.25"]

1. d4 d5 2. c4 e6 3. Nc3 c6 4. Nf3 Nf6 5. Bg5 h6 6. Bh4 Nbd7 7. e3 Bd6 8. Bd3
dxc4 9. Bxc4 b5 10. Bd3 a6 11. Rc1 Bb7 12. O-O c5 13. Be4 Qb6 14. Bxb7 Qxb7 15.
dxc5 Bxc5 16. Qe2 Bb6 17. Rfd1 O-O 18. a3 Rac8 19. e4 e5 20. Kh1 Rfe8 21. h3
Re6 22. Nd2 Bd4 23. f3 Rec6 24. Ndb1 Nh5 25. Qe1 Nb6 26. Bf2 Bxf2 27. Qxf2 Nf4
28. Qf1 Rg6 29. g4 Nc4 30. Nd5 Nxd5 31. exd5 Ne3 32. Rxc8+ Qxc8 33. Qe2 Nxd1
34. Qxd1 Rd6 35. Nc3 Qb7 36. Qe2 f6 37. Qe3 b4 38. axb4 Qxb4 39. Qc1 Qd4 40.
Kg2 Qd3 41. Kg3 f5 0-1

[Event "4NCL/Div2/WRO vs. SWD1"]
[Site "Birmingham ENG"]
[Date "2006.01.15"]
[Round "6.1"]
[White "Hanley, Craig A"]
[Black "Cooper, John G"]
[Result "1/2-1/2"]
[WhiteElo "2402"]
[BlackElo "2347"]
[PlyCount "88"]
[EventDate "2006.01.15"]
[SourceDate "2005.10.25"]

1. e4 e5 2. Nf3 Nc6 3. Bb5 a6 4. Ba4 Nf6 5. O-O Be7 6. Re1 b5 7. Bb3 d6 8. c3
O-O 9. d4 Bg4 10. Be3 Bh5 11. Nbd2 d5 12. exd5 Nxd5 13. Ne4 Bg6 14. Nxe5 Nxe5
15. dxe5 Bxe4 16. Bc1 Nxc3 17. Qg4 Qd3 18. bxc3 Bf5 19. Qf4 Rad8 20. Be3 Be6
21. c4 bxc4 22. Rad1 g5 23. Qg3 Qg6 24. Ba4 Rxd1 25. Rxd1 Rd8 26. Rc1 Ba3 27.
Qxg5 Qxg5 28. Bxg5 Bxc1 29. Bxd8 Bf5 30. Bf6 Bd2 31. g4 Bd3 32. Be7 Bf4 33. Bb4
Bxe5 34. Ba3 Bb1 35. Bc6 Bxa2 36. Bc1 Bb1 37. Kg2 Kf8 38. f4 Bd4 39. Ba3+ Kg7
40. Kf3 Bd3 41. h4 c3 42. h5 h6 43. g5 f6 44. Bc1 fxg5 1/2-1/2

[Event "4NCL/Div2/WRO vs. SWD1"]
[Site "Birmingham ENG"]
[Date "2006.01.15"]
[Round "6.2"]
[White "Jones, Richard S"]
[Black "Kaid, Almar"]
[Result "1/2-1/2"]
[WhiteElo "2294"]
[BlackElo "2275"]
[PlyCount "78"]
[EventDate "2006.01.15"]
[SourceDate "2005.10.25"]

1. e4 e6 2. d4 d5 3. Nc3 Nf6 4. e5 Nfd7 5. Nce2 c5 6. c3 cxd4 7. cxd4 f6 8. Nf4
Bb4+ 9. Bd2 Qb6 10. exf6 Nxf6 11. Bxb4 Qxb4+ 12. Qd2 Qd6 13. Nd3 Nc6 14. Nf3
O-O 15. Be2 Ne4 16. Qd1 Bd7 17. O-O Rf6 18. Nde5 Raf8 19. Rc1 Be8 20. a3 Bh5
21. Rc2 Bxf3 22. Nxf3 Rh6 23. h3 Rhf6 24. Qd3 e5 25. dxe5 Nxe5 26. Nxe5 Qxe5
27. f3 Ng5 28. Bd1 Ne6 29. Re2 Qd6 30. Rd2 Nf4 31. Qd4 Rg6 32. Kh1 Qe6 33. Bb3
Rg5 34. Rfd1 Qh6 35. Qc5 b6 36. Bxd5+ Nxd5 37. Qc4 Rxf3 38. Qc8+ Rf8 39. Qc4
Qe6 1/2-1/2

[Event "4NCL/Div2/WRO vs. SWD1"]
[Site "Birmingham ENG"]
[Date "2006.01.15"]
[Round "6.3"]
[White "Potts, Alan W"]
[Black "Dineley, Richard D P"]
[Result "1/2-1/2"]
[WhiteElo "2274"]
[BlackElo "2264"]
[PlyCount "126"]
[EventDate "2006.01.15"]
[SourceDate "2005.10.25"]

1. e4 c5 2. Nf3 d6 3. d4 cxd4 4. Nxd4 Nf6 5. Nc3 a6 6. Bg5 e6 7. f4 Qc7 8. Qf3
b5 9. a3 Nbd7 10. O-O-O Rb8 11. Na2 Be7 12. Bd3 Bb7 13. Rhe1 Nc5 14. Kb1 Qb6
15. c3 Nxd3 16. Qxd3 O-O 17. f5 e5 18. Bxf6 Bxf6 19. Nc2 d5 20. exd5 Rbd8 21.
Qe4 Qc5 22. Ne3 Bg5 23. Nb4 Bxe3 24. Qxe3 Qxe3 25. Rxe3 a5 26. Nc2 f6 27. Red3
Rd6 28. Ne3 Rc8 29. a4 bxa4 30. c4 Rc5 31. Ka2 Ba6 32. Rc3 Bc8 33. g4 g6 34.
Kb1 Kf7 35. Kc2 Bd7 36. Kd3 Rb6 37. Ke4 Rxb2 38. fxg6+ hxg6 39. g5 Rb3 40. Rdc1
Rb2 41. Rf1 Bf5+ 42. Nxf5 gxf5+ 43. Rxf5 Re2+ 44. Kf3 Rxh2 45. Rxf6+ Ke7 46.
Rh6 Rd2 47. Re6+ Kf7 48. Ke4 Rd4+ 49. Kf5 Rcxc4 50. Rxc4 Rxc4 51. g6+ Kf8 52.
Kf6 Rf4+ 53. Kxe5 Rf2 54. d6 Rd2 55. Rf6+ Kg7 56. Rf7+ Kxg6 57. Ra7 a3 58. Ke6
Re2+ 59. Kd7 Re5 60. Rc7 a2 61. Rc1 Rb5 62. Ra1 Rb2 63. Kc7 Rc2+ 1/2-1/2

[Event "4NCL/Div2/WRO vs. SWD1"]
[Site "Birmingham ENG"]
[Date "2006.01.15"]
[Round "6.4"]
[White "Blackburn, Jonathan L B"]
[Black "Adams, David M"]
[Result "1/2-1/2"]
[WhiteElo "2208"]
[BlackElo "2240"]
[PlyCount "93"]
[EventDate "2006.01.15"]
[SourceDate "2005.10.25"]

1. d4 f5 2. Nf3 Nf6 3. c4 e6 4. d5 Be7 5. dxe6 dxe6 6. Qxd8+ Bxd8 7. Nc3 O-O 8.
a3 a5 9. g3 Nc6 10. Bf4 Nd7 11. O-O-O h6 12. e4 e5 13. Be3 fxe4 14. Nd2 Nf6 15.
h3 Nd4 16. Ndxe4 Bf5 17. Bd3 Ne2+ 18. Kb1 Nxc3+ 19. Nxc3 Bxd3+ 20. Rxd3 Re8 21.
g4 c6 22. Rg1 Kf7 23. h4 h5 24. g5 Ng8 25. Ne4 Be7 26. Bb6 Ke6 27. Ng3 g6 28.
Re1 Bd8 29. Bd4 Bc7 30. Rde3 Kd7 31. Bc3 Rf8 32. Rd3+ Ke6 33. Ne4 b6 34. Nd2
Rxf2 35. Nf3 Kf5 36. Rd7 Rxf3 37. Rxc7 Kg4 38. Rxc6 Kxh4 39. Rxg6 Kg4 40. Rxe5
h4 41. Re2 h3 42. Rge6 Kxg5 43. Bd2+ Kh4 44. R6e4+ Kh5 45. Re5+ Kg6 46. Rg5+
Kf7 47. Rh5 1/2-1/2

[Event "4NCL/Div2/WRO vs. SWD1"]
[Site "Birmingham ENG"]
[Date "2006.01.15"]
[Round "6.5"]
[White "Gayson, Peter M"]
[Black "James, David J"]
[Result "1/2-1/2"]
[WhiteElo "2233"]
[BlackElo "2222"]
[PlyCount "55"]
[EventDate "2006.01.15"]
[SourceDate "2005.10.25"]

1. e4 c5 2. Nf3 d6 3. d4 cxd4 4. Nxd4 Nf6 5. Nc3 a6 6. f4 Qc7 7. Nf3 Nbd7 8. a4
g6 9. Bd3 Bg7 10. O-O b6 11. Qe1 Bb7 12. Kh1 Nc5 13. Bd2 O-O 14. f5 d5 15. e5
Nfe4 16. Bf4 gxf5 17. Qh4 Ne6 18. Bh6 f6 19. Bxg7 Kxg7 20. Qh3 fxe5 21. Ne2 Kh8
22. Bxe4 dxe4 23. Nh4 Rf6 24. Rxf5 Nf4 25. Nxf4 exf4 26. Rxf6 exf6 27. Ng6+ Kg7
28. Nxf4 1/2-1/2

[Event "4NCL/Div2/WRO vs. SWD1"]
[Site "Birmingham ENG"]
[Date "2006.01.15"]
[Round "6.6"]
[White "Zeidler, Sven P"]
[Black "Barrett, Steve J"]
[Result "1/2-1/2"]
[WhiteElo "2203"]
[BlackElo "2189"]
[PlyCount "64"]
[EventDate "2006.01.15"]
[SourceDate "2005.10.25"]

1. e4 c5 2. Nc3 e6 3. f4 Nc6 4. Nf3 Nge7 5. d4 cxd4 6. Nxd4 Nxd4 7. Qxd4 Nc6 8.
Qf2 Be7 9. Bd3 d6 10. O-O O-O 11. Be3 d5 12. exd5 exd5 13. Nb5 Bh4 14. g3 Bf6
15. c3 Bg4 16. Rfe1 a6 17. Nd4 Qd7 18. Be2 Rfe8 19. Bxg4 Qxg4 20. Qf3 Qd7 21.
Nb3 Ne7 22. Bf2 Qc6 23. Re2 d4 24. Qxc6 Nxc6 25. Rxe8+ Rxe8 26. Nxd4 Nxd4 27.
Bxd4 Bxd4+ 28. cxd4 Re2 29. b3 Rd2 30. Rc1 g6 31. Rc7 b5 32. Ra7 Rxa2 1/2-1/2

[Event "4NCL/Div2/WRO vs. SWD1"]
[Site "Birmingham ENG"]
[Date "2006.01.15"]
[Round "6.7"]
[White "Cumbers, Paul"]
[Black "Morris, Charles F"]
[Result "1-0"]
[WhiteElo "2123"]
[BlackElo "2203"]
[PlyCount "120"]
[EventDate "2006.01.15"]
[SourceDate "2005.10.25"]

1. e4 e6 2. d4 d5 3. e5 c5 4. c3 Qb6 5. a3 Bd7 6. b4 cxd4 7. cxd4 a5 8. b5 Ne7
9. Nf3 Nf5 10. Nc3 Be7 11. h4 h5 12. Na4 Qd8 13. g3 Bc8 14. Qb3 Nd7 15. b6 Nb8
16. Bd3 Bd7 17. Nc3 Bc6 18. Rb1 O-O 19. O-O f6 20. Bxf5 exf5 21. e6 Ra6 22. Bf4
a4 23. Qc2 g6 24. Bc7 Qc8 25. Rfe1 Re8 26. Qa2 Ra5 27. Qd2 Kh7 28. Na2 Ra8 29.
Nb4 Bf8 30. Qf4 Be7 31. Bd6 Qd8 32. Bxe7 Rxe7 33. Re3 Ra5 34. Nd3 Rb5 35. Rxb5
Bxb5 36. Nc5 Na6 37. Ne1 Qxb6 38. Ned3 Bxd3 39. Nxd3 Rxe6 40. Qf3 Re4 41. Nf4
Qxd4 42. Rd3 Qa1+ 43. Kh2 d4 44. Nxh5 Re7 45. Nxf6+ Kg7 46. Nd5 Re4 47. h5 Qa2
48. Nf4 g5 49. h6+ Kh7 50. Nh3 Kg6 51. h7 g4 52. h8=Q gxf3 53. Rxf3 Nc5 54.
Nf4+ Rxf4 55. Rxf4 d3 56. Qe8+ Qf7 57. Qe3 b6 58. Rh4 Qd7 59. Rh6+ Kg7 60. Qg5+
Kf8 1-0

[Event "4NCL/Div2/WRO vs. SWD1"]
[Site "Birmingham ENG"]
[Date "2006.01.15"]
[Round "6.8"]
[White "Smith, Olivia"]
[Black "Anandajeyarajah, Thilagini"]
[Result "1-0"]
[WhiteElo "1986"]
[BlackElo "1810"]
[PlyCount "67"]
[EventDate "2006.01.15"]
[SourceDate "2005.10.25"]

1. e4 e6 2. Nc3 d5 3. Nf3 d4 4. Ne2 c5 5. c3 Nc6 6. cxd4 cxd4 7. Ng3 e5 8. Bb5
Bd6 9. O-O Nge7 10. d3 O-O 11. Nh4 f5 12. Qb3+ Kh8 13. Bg5 f4 14. Ngf5 Bxf5 15.
Nxf5 h6 16. Qd1 Qd7 17. Bxe7 Bxe7 18. Qh5 Rf6 19. Qg4 Bd6 20. Nxh6 Qxg4 21.
Nxg4 Rg6 22. f3 Nb4 23. Rfc1 a6 24. Bc4 Rc8 25. Nf2 Bc5 26. a3 Nc6 27. Bd5 b6
28. Ng4 Rg5 29. b4 Ne7 30. bxc5 Nxd5 31. exd5 bxc5 32. Rab1 e4 33. dxe4 c4 34.
Rb4 1-0

[Event "4NCL/Div2/GUI3 vs. WES1"]
[Site "Birmingham ENG"]
[Date "2006.03.05"]
[Round "8.1"]
[White "Richardson, Keith B"]
[Black "Simons, Martin J"]
[Result "1/2-1/2"]
[WhiteElo "2236"]
[BlackElo "2293"]
[PlyCount "36"]
[EventDate "2006.03.05"]
[EventType "team"]
[EventRounds "11"]
[EventCountry "ENG"]
[SourceDate "2005.10.25"]

1. c4 e5 2. Nc3 Nc6 3. Nf3 g6 4. d4 exd4 5. Nd5 Bg7 6. Bg5 f6 7. Bf4 d6 8. Nxd4
Nxd4 9. Qxd4 Ne7 10. h4 O-O 11. Qd2 Be6 12. g3 Re8 13. Bg2 c6 14. Ne3 d5 15.
cxd5 Nxd5 16. Nxd5 Bxd5 17. Bxd5+ Qxd5 18. Qxd5+ cxd5 1/2-1/2

[Event "4NCL/Div2/GUI3 vs. WES1"]
[Site "Birmingham ENG"]
[Date "2006.03.05"]
[Round "8.2"]
[White "Allicock, Rawle A"]
[Black "Jackson, Adrian"]
[Result "1-0"]
[WhiteElo "2302"]
[BlackElo "2226"]
[PlyCount "84"]
[EventDate "2006.03.05"]
[EventType "team"]
[EventRounds "11"]
[EventCountry "ENG"]
[SourceDate "2005.10.25"]

1. d4 Nf6 2. Nf3 c5 3. d5 e6 4. Nc3 b5 5. dxe6 fxe6 6. Nxb5 d5 7. e3 a6 8. Nc3
Nc6 9. g3 e5 10. Bg2 Bg4 11. h3 Bh5 12. g4 Bf7 13. g5 Ng8 14. e4 d4 15. Nd5
Nge7 16. c4 dxc3 17. Nxc3 Qxd1+ 18. Nxd1 Nd4 19. Nxd4 cxd4 20. b4 Ng6 21. a3
Nh4 22. O-O Bd6 23. f4 a5 24. bxa5 Rxa5 25. fxe5 Bxe5 26. Bd2 Ra6 27. Nf2 Nxg2
28. Kxg2 Bd6 29. Nd3 O-O 30. Nb4 Bxb4 31. axb4 Rfa8 32. Ra5 Bg6 33. Re1 Kf7 34.
Rd5 Ke6 35. Rxd4 Rd6 36. Rxd6+ Kxd6 37. Bc3 Ra7 38. Kf3 Bh5+ 39. Ke3 Rb7 40.
Rf1 Bg6 41. Ra1 Ke7 42. Bd4 h6 1-0

[Event "4NCL/Div2/GUI3 vs. WES1"]
[Site "Birmingham ENG"]
[Date "2006.03.05"]
[Round "8.3"]
[White "Thompson, Ian D"]
[Black "Corkett, Anthony R"]
[Result "1/2-1/2"]
[WhiteElo "2295"]
[BlackElo "2354"]
[PlyCount "34"]
[EventDate "2006.03.05"]
[EventType "team"]
[EventRounds "11"]
[EventCountry "ENG"]
[SourceDate "2005.10.25"]

1. c4 b6 2. Nc3 e6 3. e4 Bb7 4. Nge2 g6 5. d4 Bg7 6. Be3 d6 7. Qd2 Nd7 8. f3 a6
9. Nc1 Bh6 10. f4 Ngf6 11. Bd3 Ng4 12. Bg1 e5 13. N1e2 c5 14. h3 Ngf6 15. dxe5
dxe5 16. Be3 Qe7 17. O-O O-O-O 1/2-1/2

[Event "4NCL/Div2/GUI3 vs. WES1"]
[Site "Birmingham ENG"]
[Date "2006.03.05"]
[Round "8.4"]
[White "Webb, Richard M"]
[Black "Abayasekera, Roger"]
[Result "1-0"]
[WhiteElo "2302"]
[BlackElo "2210"]
[PlyCount "49"]
[EventDate "2006.03.05"]
[EventType "team"]
[EventRounds "11"]
[EventCountry "ENG"]
[SourceDate "2005.10.25"]

1. e4 c5 2. Nc3 Nc6 3. Nge2 e6 4. d4 cxd4 5. Nxd4 a6 6. Be3 Qc7 7. Be2 Nf6 8.
O-O Bb4 9. Na4 Be7 10. Nxc6 bxc6 11. Nb6 Rb8 12. Nxc8 Qxc8 13. e5 Nd5 14. Bc1
Bc5 15. c4 Ne7 16. Kh1 Qc7 17. f4 O-O 18. b3 a5 19. Bd3 d5 20. exd6 Bxd6 21.
Qc2 h6 22. c5 Nd5 23. cxd6 Qxd6 24. Bd2 Rb4 25. Bc4 1-0

[Event "4NCL/Div2/GUI3 vs. WES1"]
[Site "Birmingham ENG"]
[Date "2006.03.05"]
[Round "8.5"]
[White "Anderton, Matthew N"]
[Black "Upton, Ian J"]
[Result "1/2-1/2"]
[WhiteElo "2205"]
[BlackElo "2259"]
[PlyCount "47"]
[EventDate "2006.03.05"]
[EventType "team"]
[EventRounds "11"]
[EventCountry "ENG"]
[SourceDate "2005.10.25"]

1. e4 e6 2. d4 d5 3. Nc3 Nf6 4. Bg5 Be7 5. e5 Nfd7 6. h4 Bxg5 7. hxg5 Qxg5 8.
Qd3 g6 9. Nf3 Qe7 10. O-O-O Nc6 11. Qe3 a6 12. Rh6 f5 13. Ng5 Nf8 14. Be2 Nd8
15. Rdh1 Bd7 16. f4 Nf7 17. Nxf7 Qxf7 18. Nb1 Bb5 19. Bd1 O-O-O 20. Nd2 Qe7 21.
Nf3 Rg8 22. Ng5 Rg7 23. Kb1 Kb8 24. a3 1/2-1/2

[Event "4NCL/Div2/GUI3 vs. WES1"]
[Site "Birmingham ENG"]
[Date "2006.03.05"]
[Round "8.6"]
[White "Yeo, Michael J"]
[Black "Granat, Russell G"]
[Result "0-1"]
[WhiteElo "2217"]
[BlackElo "2262"]
[PlyCount "66"]
[EventDate "2006.03.05"]
[EventType "team"]
[EventRounds "11"]
[EventCountry "ENG"]
[SourceDate "2005.10.25"]

1. e4 c5 2. Nf3 Nc6 3. d4 cxd4 4. Nxd4 e6 5. Nb5 d6 6. Bf4 e5 7. Be3 Nf6 8. Bg5
a6 9. Bxf6 gxf6 10. N5c3 Be6 11. Nd5 Rc8 12. Nbc3 Nd4 13. Bd3 Rg8 14. Kf1 Bh6
15. h3 Kf8 16. f4 Bxf4 17. Nxf4 exf4 18. Nd5 Nf5 19. exf5 Bxd5 20. Rg1 Qb6 21.
Qd2 Qxb2 22. Re1 Qd4 23. g4 Kg7 24. g5 fxg5 25. Rxg5+ Kh8 26. Rg4 Rxg4 27. hxg4
Rg8 28. Qh2 Bc4 29. Qh3 Bxd3+ 30. cxd3 f3 31. Qxf3 Qxg4 32. Qf2 Qh3+ 33. Ke2
Rg2 0-1